| 000 | 00958cam a22002654a 4500 | ||
|---|---|---|---|
| 001 | 12397809 | ||
| 003 | OSt | ||
| 005 | 20240618160746.0 | ||
| 008 | 010503s2002 enka b 001 0 eng | ||
| 010 | _a 2001035650 | ||
| 020 | _a0521580560 | ||
| 020 | _a0521589584 | ||
| 040 |
_aMUST _cMUST |
||
| 082 | 0 | 0 |
_a530.13 TAN 2002 _220 |
| 100 | 1 |
_aTanaka, Tomoyasu, _917472 |
|
| 245 | 1 | 0 |
_aMethods of statistical physics / _cTomoyasu Tanaka. |
| 260 |
_aCambridge ; _aNew York : _bCambridge University Press, _c2002. |
||
| 300 |
_axv, 293 p. : _bill. ; _c25 cm. |
||
| 504 | _aIncludes bibliographical references and index. | ||
| 650 | 0 |
_aStatistical physics. _98058 |
|
| 856 | 4 | 1 |
_3Sample text _uhttp://www.loc.gov/catdir/samples/cam033/2001035650.html |
| 856 | 4 | 2 |
_3Publisher description _uhttp://www.loc.gov/catdir/description/cam021/2001035650.html |
| 856 | 4 | 1 |
_3Table of contents _uhttp://www.loc.gov/catdir/toc/cam021/2001035650.html |
| 942 |
_2ddc _cO_SHELF |
||
| 999 |
_c8624 _d8624 |
||